New aspects of quantity surveying practice (Record no. 112572)

MARC details
000 -LEADER
fixed length control field 02376cam a2200373 4500
001 - CONTROL NUMBER
control field L153529
008 - FIXED-LENGTH DATA ELEMENTS--GENERAL INFORMATION
fixed length control field 020722n2011 000 0 eng u
020 ## - INTERNATIONAL STANDARD BOOK NUMBER
International Standard Book Number 9780203851104
035 ## - SYSTEM CONTROL NUMBER
System control number (Sirsi) u153529
041 ## - LANGUAGE CODE
Language code of text/sound track or separate title eng
050 ## - LIBRARY OF CONGRESS CALL NUMBER
Classification number 692.5 $2 18
100 ## - MAIN ENTRY--PERSONAL NAME
Personal name Cartlidge, Duncan
245 ## - TITLE STATEMENT
Title New aspects of quantity surveying practice
Remainder of title a text for all construction professionals
Medium [electronic resource]
250 ## - EDITION STATEMENT
Edition statement 3rd ed.
260 ## - PUBLICATION, DISTRIBUTION, ETC.
Place of publication, distribution, etc. London
Name of publisher, distributor, etc. Butterworth-Heinemann
Date of publication, distribution, etc. 2011
300 ## - PHYSICAL DESCRIPTION
Extent eBook
505 ## - FORMATTED CONTENTS NOTE
Formatted contents note The catalyst of change -- Managing value -- The supply chain -- Integrated project delivery -- Procurement ? doing deals -- Procurement ? doing deals electronically -- New technology ? opportunity or threat? Graham Castle -- Global markets ? making ends meet -- Researching value ? Dr. Richard Laing
520 ## - SUMMARY, ETC.
Summary, etc. The construction industry has been undergoing rapid change in the last decade since the publication of the Latham report, and quantity surveying professionals have been at the forefront of those challenges. Changing attitudes to procurement and partnering, and the evolving role of clients, have put the QS profession at the heart of delivering major construction projects. Duncan Cartlidge assesses what has driven these changes, and what they mean for the profession and for the industry as a whole. He explains modern procurement methods, and assesses how much impact technology has had on construction management - and how much it might have in the future. The first edition of this visionary book set out the future for Quantity Surveying - now that prediction has become reality, this second edition of New Aspects of Quantity Surveying Practice is an even more indispensable guide to the opportunities and challenges facing the profession in the 21st Century.
520 ## - SUMMARY, ETC.
Summary, etc. Supersedes 2nd edition
590 ## - LOCAL NOTE (RLIN)
Local note IKA200606
650 ## - SUBJECT ADDED ENTRY--TOPICAL TERM
Topical term or geographic name entry element CONSTRUCTION INDUSTRY
650 ## - SUBJECT ADDED ENTRY--TOPICAL TERM
Topical term or geographic name entry element GLOBAL MARKET
650 ## - SUBJECT ADDED ENTRY--TOPICAL TERM
Topical term or geographic name entry element MANAGEMENT-BUSINESS MANAGEMENT-INFORMATION MANAGEMENT
650 24 - SUBJECT ADDED ENTRY--TOPICAL TERM
Topical term or geographic name entry element EBOOK
650 ## - SUBJECT ADDED ENTRY--TOPICAL TERM
Topical term or geographic name entry element Procurement-old
650 ## - SUBJECT ADDED ENTRY--TOPICAL TERM
Topical term or geographic name entry element PROJECT DELIVERY METHODS
650 ## - SUBJECT ADDED ENTRY--TOPICAL TERM
Topical term or geographic name entry element SUPPLY CHAIN MANAGEMENT
650 ## - SUBJECT ADDED ENTRY--TOPICAL TERM
Topical term or geographic name entry element VALUE
651 #4 - SUBJECT ADDED ENTRY--GEOGRAPHIC NAME
Geographic name ENGLAND AND WALES
690 ## - LOCAL SUBJECT ADDED ENTRY--TOPICAL TERM (OCLC, RLIN)
Topical term or geographic name as entry element Quantity surveying
9 (RLIN) 6263
856 48 - ELECTRONIC LOCATION AND ACCESS
Uniform Resource Identifier <a href="https://www.vlebooks.com/">https://www.vlebooks.com/</a>
Public note View on VLEbooks. Logins for members only from [email protected]
942 ## - ADDED ENTRY ELEMENTS (KOHA)
Suppress in OPAC 0
Holdings
Withdrawn status Lost status Source of classification or shelving scheme Damaged status Not for loan Home library Current library Shelving location Date acquired Total Checkouts Full call number Barcode Date last seen Copy number Price effective from Koha item type
    Dewey Decimal Classification     Virtual Virtual Online 04/08/2011   EBOOK 153529-2001 06/08/2019 1 06/08/2019 Book